Kontakt obchodný adresár bratislavských firiem

Guardado en:
Detalles Bibliográficos
Formato: Libro
Lenguaje:eslovaco
Publicado: Bratislava FITR-JUVEN 1995
Edición:1. vyd.
Materias:
Etiquetas: Agregar Etiqueta
Sin Etiquetas, Sea el primero en etiquetar este registro!

MARC

LEADER 00000nam a2200000 4500
001 c010948
005 20221214071249.6
041 0 |a slo 
044 |a SK 
245 1 0 |a Kontakt  |b obchodný adresár bratislavských firiem 
250 |a 1. vyd. 
264 1 |a Bratislava  |b FITR-JUVEN  |c 1995 
300 |a [80] s. 
610 2 0 |a firmy 
610 2 0 |a obchod 
610 2 0 |a podnikanie 
610 2 0 |a Slovensko 
610 2 0 |a Bratislava